Detalles MARC
| 000 -LIDER |
| fixed length control field |
01025nam a2200313 a 4500 |
| 001 - NÚMERO DE CONTROL |
| Identificador de número de control |
|
| 003 - IDENTIFICACDOR DE NÚMERO DE CONTROL |
| control field |
DO-SdBNP |
| 005 - DATE AND TIME OF LATEST TRANSACTION |
| control field |
20240624121841.0 |
| 008 - ELEMENTOS DE LONGITUD FIJA |
| fixed length control field |
130826s2007 ag a 000 0 spa d |
| 020 ## - ISBN |
| International Standard Book Number |
9789507714986 |
| 040 ## - FUENTE DE CATALOGACIÓN |
| Agencia que crea de manera original el registro |
DO-SdBNP |
| Idioma de catalogación |
spa |
| Agencia que realiza la transcripción |
BPMSU |
| 082 ## - NÚMERO DE CLASIFICACIÓN DECIMAL DE DEWEY |
| Classification number |
372.7 |
| Item number |
P149n 2007 |
| Edition number |
22 |
| 245 00 - MENCIÓN DE TITULO |
| Título |
El país de los números / |
| Mención de responsabilidad |
ilustracines Walter Gómez, Daniel Grifo, |
| 246 14 - VARIACION DEL TÍTULO |
| Título propiamente dicho o título corto |
El país de los números : |
| Subtítulo |
cómo enterder la matemá con lógica e ingenio |
| 250 ## - MENCIÓN DE EDICION |
| Mención de edición |
|
| 260 ## - PUBLICACIÓN, DISTRIBUCIÓN, ETC. (PIE DE IMPRENTA) |
| Lugar de publicación, distribución, etc |
Colombia : |
| Nombre del editor, distribuidor, etc. |
Cultural Librera Americana, |
| Fecha de publicación, distribución, etc |
200 |
| 300 ## - DESCRIPCIÓN FÍSICA |
| Extensión |
352 p. : |
| Otros detalles físicos |
ils. ; |
| Dimensiones |
27 cm. |
| 490 0# - MENCIÓN DE SERIES |
| Mención de serie |
Biblioteca Talleres Prácicos |
| 500 ## - NOTA GENERAL |
| Nota general |
|
| 590 ## - NOTA LOCAL |
| Texto de la nota local |
Inventariado, 2024/VM |
| Enlace |
|
| 648 #4 - SUBJECT ADDED ENTRY--CHRONOLOGICAL TERM |
| Chronological term |
|
| 650 #4 - ENCABEZAMIENTO DE MATERIA--TEMÁTICO |
| Término temático o nombre geográfico como elemento de entrada |
Matemáticas |
| Subdivisión temática general |
Enseñanza primaria |
| -- |
|
| 650 #4 - ENCABEZAMIENTO DE MATERIA--TEMÁTICO |
| Término temático o nombre geográfico como elemento de entrada |
Juegos educativos (Matemáticas) |
| Subdivisión temática general |
|
| 700 1# - ASIENTO SECUNDARIO -- NOMBRE PERSONAL |
| Nombre personal |
Gómez, Walter |
| Mención de responsabilidad |
ilustraciones |
| 700 1# - ASIENTO SECUNDARIO -- NOMBRE PERSONAL |
| Nombre personal |
Grifo, Daniel |
| Mención de responsabilidad |
ilustraciones |
| 710 2# - ASIENTO SECUNDARIO -- NOMBRE CORPORATIVO |
| Nombre corporativo o de jurisdicción |
Cultural Librera Américana |
| 910 ## - VALIDACIÓN |
| Validación |
VMateo V. Control de calidad. BPMSU |
| 942 ## - ADDED ENTRY ELEMENTS (KOHA) |
| Source of classification or shelving scheme |
Dewey Decimal Classification |
| Koha item type |
Libros |